Comparison of seismic performance of braced and unbraced frames (Record no. 554237)
[ view plain ]
| 000 -LEADER | |
|---|---|
| fixed length control field | 00538nam a22001817a 4500 |
| 082 ## - DEWEY DECIMAL CLASSIFICATION NUMBER | |
| Classification number | P-828 |
| -- | Syn-29 |
| 100 ## - MAIN ENTRY--PERSONAL NAME | |
| Personal name | Asfandyar Khan |
| 9 (RLIN) | 51571 |
| 245 ## - TITLE STATEMENT | |
| Title | Comparison of seismic performance of braced and unbraced frames |
| 260 ## - PUBLICATION, DISTRIBUTION, ETC. | |
| Place of publication, distribution, etc. | Risalpur, |
| Name of publisher, distributor, etc. | MCE, |
| Date of publication, distribution, etc. | 2019. |
| 300 ## - PHYSICAL DESCRIPTION | |
| Extent | 75p. |
| Dimensions | 30cm. |
| 526 ## - STUDY PROGRAM INFORMATION NOTE | |
| Program name | 0 |
| Interest level | 0 |
| Reading level | 0 |
| Title point value | P_828 |
| 700 ## - ADDED ENTRY--PERSONAL NAME | |
| Personal name | Aatesham Sibtain Satti |
| 9 (RLIN) | 51572 |
| 700 ## - ADDED ENTRY--PERSONAL NAME | |
| Personal name | Maj Dr Muhammad Rizwan |
| 9 (RLIN) | 48119 |
| 700 ## - ADDED ENTRY--PERSONAL NAME | |
| Personal name | Muhammad Ashfaq hussain |
| 9 (RLIN) | 51573 |
| 700 ## - ADDED ENTRY--PERSONAL NAME | |
| Personal name | Nouman Afzal |
| 9 (RLIN) | 51574 |
| 700 ## - ADDED ENTRY--PERSONAL NAME | |
| Personal name | Wali Khalid |
| 9 (RLIN) | 51575 |
| 942 ## - ADDED ENTRY ELEMENTS (KOHA) | |
| Source of classification or shelving scheme | |
| Koha item type | Book |
| Withdrawn status | Lost status | Source of classification or shelving scheme | Damaged status | Not for loan | Permanent Location | Current Location | Date acquired | Total Checkouts | Full call number | Barcode | Date last seen | Price effective from | Koha item type |
|---|---|---|---|---|---|---|---|---|---|---|---|---|---|
| Military College of Engineering (MCE) | Military College of Engineering (MCE) | 08/17/2019 | P-828 | MCE-P-828 | 08/17/2019 | 08/17/2019 | Book |
